Statistics for The Queens of RuPaul's Drag Race

Click here to take the quiz!

General Stats

  • This quiz has been taken 1,274 times
  • The average score is 50 of 75

Answer Stats

HintAnswer% Correct
Season 3WINNERRaja
91%
Season 4WINNERSharon Needles
91%
Season 5Runner UpAlaska
90%
Season 6WINNERBianca Del Rio
89%
Season 2Runner UpRaven
89%
Season 6Runner UpAdore Delano
88%
Season 6Runner UpCourtney Act
86%
Season 5FourthDetox
86%
Season 2ThirdJujubee
85%
Season 4Fourth/Miss CongenialityLatrice Royale
85%
Season 4Runner UpChad Michaels
84%
Season 4Runner UpPhi Phi O'Hara
84%
Season 2WINNERTyra Sanchez
84%
Season 3Runner UpManila Luzon
83%
Season 5SixthAlyssa Edwards
82%
Season 5Runner UpRoxxxy Andrews
82%
Season 1Runner Up/Miss CongenialityNina Flowers
81%
Season 5WINNERJinkx Monsoon
80%
Season 6Fifth/Miss CongenialityBenDeLaCreme
79%
Season 2TwelfthShangela
79%
Season 3SixthShangela
79%
Season 5FifthCoco Montrese
78%
Season 5Seventh/Miss CongenialityIvy Winters
75%
Season 2Fifth/Miss CongenialityPandora Boxx
75%
Season 4SeventhWillam
75%
Season 3ThirdAlexis Mateo
73%
Season 1WINNERBebe Zahara Benet
73%
Season 6FourthDarienne Lake
72%
Season 1SixthJade
72%
Season 1FifthOngina
71%
Season 3Fourth/Miss CongenialityYara Sofia
71%
Season 6EighthLaganja Estranja
69%
Season 2FourthTatianna
68%
Season 6NinthMilk
67%
Season 1EighthTammie Brown
67%
Season 3FifthCarmen Carrera
66%
Season 3SeventhDelta Work
66%
Season 6TenthGia Gunn
66%
Season 4EighthJiggly Caliente
66%
Season 3EleventhMimi Imfurst
66%
Season 1FourthShannel
65%
Season 5Tenth (Double Elimination)Honey Mahogany
63%
Season 2EighthMorgan McMichaels
63%
Season 4FifthKenya Michaels
62%
Season 2SeventhSahara Davenport
62%
Season 2NinthSonique
62%
Season 6SeventhTrinity K. Bonet
62%
Season 6FourteenthKelly Mantle
60%
Season 1ThirdRebecca Glasscock
60%
Season 6SixthJoslyn Fox
59%
Season 1NinthVictoria "Porkchop" Parker
59%
Season 6TwelfthVivacious
58%
Season 4SixthDida Ritz
57%
Season 5EighthJade Jolie
57%
Season 6ThirteenthMagnolia Crawford
56%
Season 4NinthMilan
56%
Season 4EleventhThe Princess
56%
Season 5Tenth (Double Elimination)Vivienne Pinay
56%
Season 2TenthMystique
54%
Season 6EleventhApril Carrion
53%
Season 5FourteenthPenny Tration
53%
Season 3TenthIndia Ferrah
52%
Season 1SeventhAkashia
51%
Season 2SixthJessica Wild
51%
Season 5ThirteenthSerena Cha Cha
51%
Season 3ThirteenthVenus D-Lite
49%
Season 4TenthMadame LaQueer
48%
Season 2EleventhNicole Paige Brooks
48%
Season 3NinthMariah
47%
Season 3TwelfthPhoenix
47%
Season 4ThirteenthAlisa Summers
43%
Season 5TwelfthMonica Beverly Hillz
43%
Season 3EighthStacy Layne Matthews
43%
Season 4TwelfthLashauwn Beyond
37%
Season 5NinthLineysha Sparx
34%

Score Distribution

Percentile by Number Answered

Percent of People with Each Score

Your Score History

You have not taken this quiz